مكتبة جامعة عجلون الوطنية

فهرس بحث المكتبة

Normal view MARC view
  • النفس في الاسلام- النفس في القرآن

Entry Topical Term

Number of records used in: 1

001 - CONTROL NUMBER

  • control field: 7915

003 - CONTROL NUMBER IDENTIFIER

  • control field: JO-AjAnu

005 - DATE AND TIME OF LATEST TRANSACTION

  • control field: 20230606071558.0

008 - FIXED-LENGTH DATA ELEMENTS

  • fixed length control field: 230606|| aca||aabn | a|a d

040 ## - CATALOGING SOURCE

  • Original cataloging agency: JO-AjAnu
  • Transcribing agency: JO-AjAnu

150 ## - HEADING--TOPICAL TERM

  • Topical term or geographic name entry element: النفس في الاسلام- النفس في القرآن

670 ## - SOURCE DATA FOUND

  • Source citation: Work cat.: (JO-AjAnu)4088: القرشي، أبي بكر عبد الله بن محمد بن عبيد ابن أبي الدنيا ، تحقيق: المعتصم بالله هريرة، مصطفى بن علي بن عوض, author 7914, محاسبة النفس والإزراء عليها